000 00702nam a22001817a 4500
005 20260330091628.0
008 240809b ||||| |||| 00| 0 eng d
082 _aUT 1615 T636 2019
100 _aTorres, Via B.
_957419
245 _aMotivation and athletic achievement among junior high school athletes /
_cVia B. Torres, Jasmin Arjelyn Jacinto, and Maria Rowena Hanna Selma.
260 _aDigos City :
_bUMDC,
_cMarch 2019.
300 _aix, 34 pages :
_billustrations ;
_c30 cm.
500 _aincludes references and appendices.
650 _aEducation
_xUndergraduate thesis.
_957420
700 _aJacinto, Jasmin Arjelyn.
_957421
700 _aSelma, Maria Rowena Hanna.
_957422
942 _2ddc
_cUT
999 _c20356
_d20356